Patterns in human geography (Record no. 53213)

MARC details
000 -LEADER
fixed length control field 00716nam a2200193 a 4500
008 - FIXED-LENGTH DATA ELEMENTS--GENERAL INFORMATION
fixed length control field 120416s1975 ||||||||||||||||| || u
020 ## - INTERNATIONAL STANDARD BOOK NUMBER
International Standard Book Number 0140809260
050 ## - LIBRARY OF CONGRESS CALL NUMBER
Classification number GF 23.M35 Smi
100 ## - MAIN ENTRY--PERSONAL NAME
Personal name Smith, David Marshall, 1936-
245 10 - TITLE STATEMENT
Title Patterns in human geography
260 ## - PUBLICATION, DISTRIBUTION, ETC.
Place of publication, distribution, etc. Harmondsworth
Name of publisher, distributor, etc. Penguin
Date of publication, distribution, etc. 1975
300 ## - PHYSICAL DESCRIPTION
Extent 373p. : ill.
350 ## - PRICE (NR) (BK AM CF MU VM SE) [OBSOLETE]
Price 0.00
490 ## - SERIES STATEMENT
Series statement Penguin education : Geography and environmental studies
500 ## - GENERAL NOTE
General note Includes index. -Bibliography: p. 352-368.
650 ## - SUBJECT ADDED ENTRY--TOPICAL TERM
Topical term or geographic name entry element Human geography--Mathematics
650 ## - SUBJECT ADDED ENTRY--TOPICAL TERM
Topical term or geographic name entry element GEOGRAPHY
995 ## - RECOMMENDATION 995 [LOCAL, UNIMARC FRANCE]
-- 0.00
-- CBU-MAIN LIBRARY (Kitwe)
-- 1
-- 12.00
-- 1
-- AVAILABLE
-- Main Library Open Access Collection
Holdings
Withdrawn status Lost status Source of classification or shelving scheme Damaged status Not for loan Home library Current library Shelving location Date acquired Total Checkouts Full call number Barcode Date last seen Price effective from Koha item type
          CBU-MAIN LIBRARY, KITWE. CBU-MAIN LIBRARY, KITWE.   11/30/2022   GF 23.M35 Smi 002233 11/30/2022 11/30/2022 MONOGRAPH